Curriculum design

Bibliographic Details
Other Authors: Golby, Michael (Editor), Greenwald, Jane (Editor), West, Ruth (Editor)
Format: Book
Language:English
Published: London : The Open University Press 1983
Subjects:

MARC

LEADER 00000cam a2200000 7i4500
001 0000007180
005 20241001.0
008 000525 enk eng
020 |a 0856642185 
040 |a INS   |b eng   |e rda 
090 0 0 |a LB1555   |b .C874 1983 
245 0 0 |a Curriculum design   |c edited by Michael Golby, Jane Greenwald, Ruth West 
264 1 |a London :   |b The Open University Press   |c 1983 
264 4 |c ©1975 
300 |a 529 pages ;   |c 22 cm. 
336 |a text  |2 rdacontent 
337 |a unmediated  |2 rdamedia 
338 |a volume  |2 rdacarrier 
504 |a Includes bibliographical references and index 
650 0 |a Curricula 
650 0 |a Curriculum planning 
700 1 |a Golby, Michael ,   |e editor 
700 1 |a Greenwald, Jane ,   |e editor 
700 1 |a West, Ruth ,   |e editor 
999 |a 0000000461   |b BOOK   |c Open Shelf   |e Default branch